| 000 | 00821cam a2200265u 4500 | ||
|---|---|---|---|
| 001 | 26379 | ||
| 003 | BD-RjUL | ||
| 005 | 20211209051017.0 | ||
| 008 | 140322r19581922nyuab 001 0 eng d | ||
| 035 | _a(BD-RjUL)26449 | ||
| 040 |
_aDLC _cCarP _dDLC _dBD-RjUL _beng |
||
| 041 | _aeng | ||
| 082 |
_a956 _bDAS 1958 |
||
| 100 | 1 |
_aDavis, William Stearns, _d1877-1930. _981112 |
|
| 245 | 0 | 2 |
_aA short history of the near East from the founding of Constantinople (330, A. D. to 1922) / _cWilliam Stearns Davis, |
| 260 |
_aNew York : _bThe Macmillan company, _c1922. [Printed 1958] |
||
| 300 |
_axvii ,408 p. : _bill. ; _c22 cm. |
||
| 504 | _aIncludes Index | ||
| 650 | 0 |
_aIslam. _981113 |
|
| 651 | 0 |
_aTurkey _xHistory. _981114 |
|
| 740 | 0 | _aNear East. | |
| 942 |
_2ddc _cBK |
||
| 999 |
_c26379 _d26379 |
||